000 00983cab a2200289 4500
001 ABS51152
008 090401t1994 xxu||||| |||| 00| 0 eng d
035 _a(Sirsi) u13071
041 _aeng
100 _aMacGregor, B.
245 _aInvestigating property cycles
260 _c1994
350 _a0
490 _aCSM (Chartered Surveyor Monthly)
_vJuly/August 1994, 38-39(2)
520 _aEvaluates a study commissioned by the RICS into the relationship between property and economic cycles whose results are now published. Describes the research, looking at factors such as the development process and investment markets.
650 _aECONOMIC CYCLES
650 _aINVESTMENT PROPERTY DATABANK
650 _aPROPERTY CYCLES
650 _aRICS RESEARCH
690 _aBUILDING AND CONSTRUCTION-PROJECTS
690 _aProject management
_96261
700 _aNanthakumaran, N.
700 _aKey, T.
700 _aFiroozeh, Z.
942 _n0
948 _c04/03/1997
999 _c8402
_d8402